[Event "AUT-ch"]
[Site "Austria"]
[Date "1994.??.??"]
[Round "2"]
[White "Schwab, Rene"]
[Black "Hebesberger, Thomas"]
[Result "1-0"]
[WhiteElo "2290"]
[BlackElo "2145"]

1.e4 c5 2.Nf3 d6 3.Bb5+ Bd7 4.a4 g6 5.O-O Bg7 6.Re1 Nc6 7.c3 a6 8.Bf1 Ne5
9.Nxe5 dxe5 10.d3 Bc6 11.Qc2 Nf6 12.f3 Qa5 13.Be3 O-O 14.Nd2 Nd7 15.Nb3 Bxa4
16.Nxa5 Bxc2 17.Nxb7 Rfb8 18.Nxc5 Nxc5 19.Bxc5 Rxb2 20.Bxe7 Rb3 21.Bb4 Bh6
22.Ra2 Bb1 23.Ra5 Bd2 24.Rd1 Be3+ 25.Kh1 Rd8 26.Rxa6 Bc2 27.Rda1 Bxd3 28.Ra8 Rxa8
29.Rxa8+ Kg7 30.Bxd3 Rb2 31.h4 Rd2 32.Bf8+  1-0

[Event "AUT-ch"]
[Site "Austria"]
[Date "1994.??.??"]
[Round "6"]
[White "Schwab, Rene"]
[Black "Lendwai, Reinhard"]
[Result "0-1"]
[WhiteElo "2290"]
[BlackElo "2395"]

1.e4 c5 2.Nf3 d6 3.Bb5+ Nd7 4.c4 e5 5.Nc3 g6 6.O-O Bg7 7.d3 Ne7 8.h3 Nc6
9.Bxc6 bxc6 10.Nh2 O-O 11.Rb1 a5 12.Bd2 Bb7 13.Na4 f5 14.f3 f4 15.Kh1 Bf6
16.Qe2 Bh4 17.Rfc1 Nf6 18.Nf1 Nh5 19.Be1 Bc8 20.Rc2 Bg3 21.Nxg3 fxg3 22.Bd2 Kg7
23.Kg1 Ra7 24.Nc3 Qh4 25.Rf1 Raf7 26.Be3 g5 27.Rcc1 Kg6 28.Rce1 Ng7 29.Qd2 h5
30.Ne2 Ne6 31.Qxa5 g4 32.Nxg3 Qxg3 33.Bf2 Qf4 34.Be3 Qg3 35.Bf2 Qf4 36.Be3 Qf6
37.fxg4 Qxf1+ 38.Rxf1 Rxf1+ 39.Kh2 hxg4 40.hxg4 Nf4 41.Qd2 Bxg4 42.b4 Rh8+
43.Kg3 Kh5 44.Kh2 Ne2 45.g3 Bf3 46.g4+ Kxg4+ 47.Bh6 Rh1+  0-1

[Event "Bad Woerishofen op"]
[Site "Bad Woerishofen"]
[Date "1994.??.??"]
[Round "4"]
[White "Bintakis, Michael"]
[Black "Mainka, Romuald"]
[Result "0-1"]
[WhiteElo "2235"]
[BlackElo "2480"]

1.e4 c5 2.Nf3 d6 3.Bb5+ Bd7 4.Bxd7+ Nxd7 5.O-O Ngf6 6.Qe2 e6 7.c3 Be7 8.d4 O-O
9.Bg5 Rc8 10.Nbd2 cxd4 11.Nxd4 Qb6 12.Qb5 Rc5 13.Qxb6 Nxb6 14.N4f3 Na4 15.Rab1 b5
16.Rfd1 h6 17.Be3 Rc7 18.Nd4 Rb8 19.h3 Nd7 20.Nc2 Ne5 21.Nb4 Rbb7 22.Nb3 Nc4
23.Bc1 Bf6 24.Nd4 a5 25.Nbc2 b4 26.cxb4 axb4 27.Ne3 Na5 28.Nb3 Nxb3 29.axb3 Nc5
30.f3 Nxb3 31.Bd2 Bd4 32.Kf2 Rb5 33.Ke2 f5 34.exf5 exf5 35.Kd3 Bf6 36.g4 fxg4
37.hxg4 Bg5 38.Nf1 Rd5+ 39.Ke2 Rc2  0-1

[Event "Badenweiler op"]
[Site "Badenweiler"]
[Date "1994.??.??"]
[Round "6"]
[White "Scherer, Helmut"]
[Black "Mueller, Ralf"]
[Result "1-0"]
[WhiteElo "2245"]
[BlackElo "2255"]

1.e4 c5 2.Nf3 d6 3.Bb5+ Bd7 4.Bxd7+ Qxd7 5.O-O Nc6 6.c3 Nf6 7.Qe2 g6 8.d4 cxd4
9.cxd4 Bg7 10.Nc3 O-O 11.Rd1 e6 12.h3 Rac8 13.Be3 a6 14.Na4 Qd8 15.d5 exd5
16.exd5 Nb4 17.Nb6 Rc2 18.Rd2 Rxd2 19.Qxd2 a5 20.a3 Ne4 21.Qe2 Na6 22.Rb1 Nac5
23.Qb5 f5 24.Qxa5 f4 25.Bxc5 dxc5 26.Re1 Re8 27.Qa4 Nd6 28.Rxe8+ Qxe8 29.Qxf4 Qd8
30.Na4 Nf5 31.Qe4 Nd4 32.Nxc5 Nxf3+ 33.Qxf3 Bxb2 34.Nxb7 Qc8 35.d6 Kg7 36.g3 Bxa3
37.Qxa3 Qxb7 38.Qc3+ Kh6 39.Qd2+ g5 40.d7  1-0

[Event "Badenweiler op"]
[Site "Badenweiler"]
[Date "1994.??.??"]
[Round "8"]
[White "Scherer, Helmut"]
[Black "Sturua, Zurab"]
[Result "0-1"]
[WhiteElo "2245"]
[BlackElo "2550"]

1.e4 c5 2.Nf3 d6 3.Bb5+ Nd7 4.c3 Nf6 5.Qe2 a6 6.Ba4 Qc7 7.Bc2 e5 8.d4 g6
9.O-O Bg7 10.dxe5 dxe5 11.Rd1 O-O 12.Nbd2 b5 13.a4 Rb8 14.axb5 axb5 15.b3 Bb7
16.Nf1 Rfe8 17.Ng3 Bc6 18.Bb2 Bh6 19.c4 b4 20.h3 Nf8 21.Nf1 Bg7 22.Ra6 Qb7
23.Rda1 Bxe4 24.Bxe4 Qxe4 25.Qxe4 Nxe4 26.Ra7 Nc3 27.Kh1 Ne6 28.Ne3 e4 29.Nd2 Nf4  0-1

[Event "Baile Herculane (Women)"]
[Site "Baile Herculane"]
[Date "1994.??.??"]
[Round "7"]
[White "Mereacre, Natasa"]
[Black "Sergeeva, Tatyana"]
[Result "0-1"]
[WhiteElo "2115"]
[BlackElo "2255"]

1.e4 c5 2.Nf3 d6 3.Bb5+ Bd7 4.Bxd7+ Nxd7 5.O-O Ngf6 6.Qe2 e6 7.Rd1 Ne5 8.Nxe5 dxe5
9.d3 Be7 10.Nd2 O-O 11.Nc4 Qc7 12.a4 Nd7 13.Bd2 Nb8 14.Qg4 Nc6 15.Qg3 Bf6
16.f4 Nd4 17.Qf2 exf4 18.c3 Nb3 19.Bxf4 e5 20.Ra3 Na5 21.Nxa5 Qxa5 22.Be3 Rac8
23.Qf5 Rfd8 24.d4 Qb6 25.d5 Qxb2 26.Bc1 Qc2 27.Rf1 c4 28.h4 Bxh4 29.Qxf7+ Kh8
30.Qf3 Be7 31.Qg4 Rf8 32.Rd1 Rcd8 33.Ra1 Qxc3 34.Bd2 Qd4+ 35.Kh1 Qf2 36.Rac1 Rd6
37.Rxc4 Rg6 38.Qh3 Rg3 39.Qh2 Rd3 40.Qxe5 Rh3+ 41.gxh3 Qf3+ 42.Kh2 Qe2+  0-1

[Event "Balatonbereny op"]
[Site "Balatonbereny"]
[Date "1994.??.??"]
[Round "2"]
[White "Kalegin, Evgenij"]
[Black "Abbasi, Nasser M"]
[Result "1-0"]
[WhiteElo "2435"]
[BlackElo "2280"]

1.e4 c5 2.Nf3 d6 3.Bb5+ Nd7 4.O-O e6 5.c3 Nf6 6.Re1 Be7 7.d4 cxd4 8.cxd4 d5
9.e5 Ne4 10.Bd3 f5 11.exf6 Ndxf6 12.Nc3 O-O 13.Nxe4 dxe4 14.Bxe4 Nxe4 15.Rxe4 Qd5
16.Re5 Qd7 17.Bg5 Bd6 18.Re3 h6 19.Bh4 Bf4 20.Ne5 Qd5 21.Ng6 Rf7 22.Rf3 Bd6
23.Rxf7 Kxf7 24.Ne5+ Bxe5 25.dxe5 Qxd1+ 26.Rxd1 g5 27.Bg3 Ke8 28.f3 Bd7 29.Bf2 b6
30.h4 Rc8 31.Rd2 gxh4 32.Bxh4 Rc4 33.Bf2 Bc6 34.Be3 h5 35.Bd4 Kf7 36.Kf2 Kg6
37.Bc3 Bd5 38.a3 a5 39.Ke3 a4 40.Rd1 b5 41.Kd3 Rc8 42.Rh1 Rg8 43.Ke3 Kf7
44.Kf2 Rg5 45.Bd4 Kg6 46.Rh2 Rf5 47.Bc3 Rf7 48.Rh3 Rf5 49.Ke3 Rg5 50.Rh2 Bc4
51.Kf4 Rf5+ 52.Ke4 Rf7 53.Rh3 Bd5+ 54.Kd4 Rg7 55.Kc5 Bc4 56.Kd6 Kf7 57.Rxh5 Rxg2
58.Rh4 Rg5 59.f4 Rf5 60.Ba5 Kg6 61.Bd8 Rf8 62.Bg5 Ra8 63.Rh6+ Kf5 64.Rh7 Ke4
65.Rh2 Ra6+ 66.Ke7 Kf5 67.Rh8 Ra7+ 68.Kd6 Ra6+ 69.Kc5 Ke4 70.Rf8 Kd3 71.Rd8+ Ke4
72.Rf8 Kd3 73.Be7 Ke4 74.Bd6 Ra7 75.f5 exf5 76.e6 Bxe6 77.Re8 f4 78.Rxe6+ Kf5
79.Re5+ Kg6 80.Re4 f3 81.Rf4 Rh7 82.Rxf3 Rh5+ 83.Kc6 Kg5 84.Bc5 Kg4 85.Rf2 Kg3
86.Kxb5  1-0

[Event "Balatonbereny op"]
[Site "Balatonbereny"]
[Date "1994.??.??"]
[Round "5"]
[White "Chernyshov, Konstantin"]
[Black "Szalanczy, Emil"]
[Result "1-0"]
[WhiteElo "2485"]
[BlackElo "2420"]

1.e4 c5 2.Nf3 d6 3.Bb5+ Bd7 4.a4 Nf6 5.Nc3 Nc6 6.O-O g6 7.d3 Bg7 8.h3 Nd4
9.Nxd4 cxd4 10.Ne2 Bxb5 11.axb5 Nd7 12.c4 dxc3 13.bxc3 O-O 14.Be3 Nc5 15.Qb1 Qd7
16.d4 Ne6 17.Qb3 Rfc8 18.Ra5 b6 19.Ra4 Qb7 20.f3 h5 21.Rfa1 Bf6 22.Kf2 Kg7
23.Qa2 Rc7 24.Ra6 Qb8 25.f4 Kg8 26.g4 hxg4 27.hxg4 Rb7 28.f5 Nf8 29.Nf4 Bg5
30.Nxg6 Bxe3+ 31.Kxe3 Nxg6 32.fxg6 d5 33.Qxd5 Qg3+ 34.Kd2 Qf2+ 35.Kd3 Qf3+
36.Kc2 Qe2+ 37.Kb3 e6 38.gxf7+ Kg7 39.Qe5+ Kxf7 40.Rh1  1-0

[Event "Balatonbereny op"]
[Site "Balatonbereny"]
[Date "1994.??.??"]
[Round "9"]
[White "Kalegin, Evgenij"]
[Black "Tolnai, Tibor"]
[Result "1-0"]
[WhiteElo "2435"]
[BlackElo "2520"]

1.e4 c5 2.Nf3 d6 3.Bb5+ Bd7 4.Bxd7+ Nxd7 5.O-O Ngf6 6.Qe2 e6 7.c3 Be7 8.d4 cxd4
9.cxd4 d5 10.e5 Ne4 11.Ne1 h6 12.f3 Ng5 13.Nc3 Qb6 14.f4 Nh7 15.Be3 Bb4 16.Qg4 O-O
17.Nxd5 exd5 18.Qxd7 Rfd8 19.Qg4 Bxe1 20.Raxe1 Qxb2 21.f5 Kh8 22.Rb1 Qa3
23.Rb3 Qa6 24.Qh4 Rd7 25.f6 Rg8 26.fxg7+ Rxg7 27.Bxh6 Rg6 28.Rh3 Qxa2 29.Bg5 Rg7
30.Qg4 f5 31.Qxf5  1-0

[Event "Oberliga Bayern9394"]
[Site "Bayern"]
[Date "1994.??.??"]
[Round "?"]
[White "Menacher, Manfred"]
[Black "Haag, Wolfgang"]
[Result "1-0"]
[WhiteElo "2280"]
[BlackElo "2290"]

1.e4 c5 2.Nf3 d6 3.Bb5+ Nd7 4.d4 cxd4 5.Qxd4 a6 6.Bxd7+ Bxd7 7.Nc3 Bc6 8.Bg5 h6
9.Bh4 Nf6 10.O-O-O g5 11.Bg3 Bg7 12.Rhe1 Qa5 13.Qd2 Nh5 14.Nd4 Nxg3 15.hxg3 O-O-O
16.Kb1 e6 17.Re3 Rd7 18.Rd3 Rhd8 19.Qe3 Kb8 20.Nce2 Rc7 21.f4 gxf4 22.gxf4 Qh5
23.Nxc6+ Rxc6 24.g4 Qa5 25.e5 d5 26.Nd4 Rc4 27.c3 Qc7 28.b3 Rc5 29.Re1 Rc8
30.Kb2 Bf8 31.f5 Qb6 32.Rf1 Ra5 33.fxe6 Ba3+ 34.Kb1 fxe6 35.Qxh6 Bc5 36.Qd2 Ra3
37.Qb2 a5 38.Nc2 d4 39.cxd4 Qa6 40.Rfd1  1-0

[Event "Oberliga Bayern9394"]
[Site "Bayern"]
[Date "1994.??.??"]
[Round "?"]
[White "Velicka, Petr"]
[Black "Kunze, Markus"]
[Result "1-0"]
[WhiteElo "2420"]
[BlackElo "2310"]

1.e4 c5 2.Nf3 d6 3.Bb5+ Bd7 4.Bxd7+ Qxd7 5.c4 Nc6 6.Nc3 g6 7.d4 cxd4 8.Nxd4 Bg7
9.Nde2 Nf6 10.O-O O-O 11.f3 Rac8 12.Bg5 a6 13.b3 b5 14.cxb5 Qa7+ 15.b6 Qxb6+
16.Kh1 Qa5 17.Qd2 Rfd8 18.Rac1 Nb4 19.Rfd1 Qa3 20.e5 Nd7 21.Bxe7 Nxe5 22.Bxd8 Rxd8
23.Nb1 Qxa2 24.Qxb4 Qxe2 25.Nc3 Qe3 26.Nd5 Nd3 27.Nxe3 Nxb4 28.Nd5 a5 29.g3 Rb8
30.Nxb4 axb4 31.Rxd6 Bc3 32.Rcd1 Rb5 33.R1d5 Rb7 34.Rd7 Rb6 35.R5d6 Rb5 36.Ra7 Rf5
37.f4 h5 38.Kg2 Kg7 39.Kf3 g5 40.Ke4 Rf6 41.Rxf6 Bxf6 42.Rb7  1-0

[Event "Oberliga Bayern9495"]
[Site "Bayern"]
[Date "1994.??.??"]
[Round "4"]
[White "Keller, Manfred"]
[Black "Schoenau, Werner"]
[Result "0-1"]
[WhiteElo "2225"]
[BlackElo "2280"]

1.e4 c5 2.Nf3 d6 3.Bb5+ Nc6 4.d4 cxd4 5.Qxd4 Bd7 6.Bxc6 Bxc6 7.Nc3 h6 8.Be3 e5
9.Qd3 Nf6 10.h3 Be7 11.O-O-O a6 12.Nd2 b5 13.Nd5 Nxd5 14.exd5 Bd7 15.g4 f5
16.gxf5 O-O 17.f6 Bxf6 18.Rhg1 Kh8 19.Qg6 Qc8 20.Bxh6 Bf5 21.Bxg7+ Kg8 22.Bxf6+ Bxg6
23.Rxg6+ Kf7 24.Rdg1 Qf5 25.Bg7 Rg8 26.R6g4 Qxf2 27.Ne4 Qe3+ 28.Kd1 Qd4+
29.Kc1 Qxd5 30.Rf1+ Ke6 31.Rg6+ Ke7 32.Nf6 Qxa2 33.Nxg8+ Rxg8 34.Rfg1 Kf7
35.Rf6+ Ke7 36.Rfg6 Kd7 37.h4 Qa1+ 38.Kd2 Qxb2 39.R1g2 Rc8 40.Ke1 Qc1+ 41.Kf2 Rxc2+
42.Kg3 Rxg2+ 43.Kxg2 Qc2+  0-1

[Event "Regionalliga NO9495"]
[Site "Bayern"]
[Date "1994.??.??"]
[Round "5"]
[White "Reiser, Wolfgang"]
[Black "Kammer, Christoph"]
[Result "1-0"]
[WhiteElo "2080"]
[BlackElo "1980"]

1.e4 c5 2.Nf3 d6 3.Bb5+ Bd7 4.Bxd7+ Qxd7 5.O-O Nc6 6.c3 Nf6 7.d4 cxd4 8.cxd4 e6
9.d5 exd5 10.exd5 Ne7 11.Re1 g6 12.Bg5 Bg7 13.Qd4 Qf5 14.Nc3 Kf8 15.Re3 Nfxd5
16.Bxe7+ Nxe7 17.Qxd6 Bf6 18.Nd5  1-0

[Event "JUG-chT Cup"]
[Site "Becici"]
[Date "1994.??.??"]
[Round "?"]
[White "Miljanic, Boro"]
[Black "Popovic, Petar"]
[Result "0-1"]
[WhiteElo "2385"]
[BlackElo "2525"]

1.e4 c5 2.Nf3 d6 3.Bb5+ Bd7 4.Bxd7+ Nxd7 5.O-O Ngf6 6.Re1 e6 7.d4 cxd4 8.Qxd4 Qc7
9.Nc3 a6 10.Bg5 Be7 11.Rad1 O-O 12.Bh4 Rfd8 13.Bg3 Nb6 14.b3 Rac8 15.Rd3 Nh5
16.Bh4 e5 17.Qb4 f6 18.Nd5 Nxd5 19.exd5 Qxc2 20.Rdd1 Rc7 21.Rc1 Qxc1 22.Rxc1 Rxc1+
23.Ne1 Nf4 24.f3 b5 25.Qa5 Rdc8 26.Kf1 Rd1 27.Qxa6 Rcc1  0-1

[Event "Berliner Sommer"]
[Site "Berlin"]
[Date "1994.??.??"]
[Round "?"]
[White "Brynell, Stellan"]
[Black "Zagorskis, Darius"]
[Result "1-0"]
[WhiteElo "2480"]
[BlackElo "2485"]

1.e4 c5 2.Nf3 d6 3.Bb5+ Bd7 4.Bxd7+ Nxd7 5.O-O Ngf6 6.Qe2 e6 7.b3 Be7 8.Bb2 O-O
9.c4 a6 10.d4 cxd4 11.Nxd4 Rc8 12.Nc3 Qc7 13.Rad1 Rfd8 14.Kh1 Ne5 15.f4 Nc6
16.Nc2 Qb8 17.g4 Na7 18.g5 Nd7 19.Ne3 b5 20.Qh5 bxc4 21.Rf3 Nb5 22.Rh3 Nf8
23.Ncd5 Qb7 24.Nxe7+ Qxe7 25.bxc4 Na7 26.Bxg7 Qb7 27.Bf6 Qxe4+ 28.Kg1 Qg6
29.Qf3 Nd7 30.Bxd8 Rxd8 31.Rxd6  1-0

[Event "Berliner Sommer"]
[Site "Berlin"]
[Date "1994.??.??"]
[Round "?"]
[White "Brynell, Stellan"]
[Black "Golod, Vitali"]
[Result "1/2-1/2"]
[WhiteElo "2480"]
[BlackElo "2505"]

1.e4 c5 2.Nf3 d6 3.Bb5+ Bd7 4.Bxd7+ Qxd7 5.O-O Nc6 6.c3 Nf6 7.d4 Nxe4 8.d5 Ne5
9.Nxe5 dxe5 10.Re1 Nf6 11.Rxe5 e6 12.c4 O-O-O 13.Nc3 Bd6 14.Re1 exd5 15.cxd5 Rhe8  1/2-1/2

[Event "Berliner Sommer"]
[Site "Berlin"]
[Date "1994.??.??"]
[Round "?"]
[White "Skorna, Ullrich"]
[Black "Baburin, Alexander"]
[Result "0-1"]
[WhiteElo "2260"]
[BlackElo "2515"]

1.e4 c5 2.Nf3 d6 3.Bb5+ Nd7 4.O-O Nf6 5.e5 dxe5 6.Nxe5 a6 7.Nxd7 Nxd7 8.Be2 e5
9.b3 Bd6 10.Nc3 O-O 11.d3 f5 12.f4 Nf6 13.fxe5 Bxe5 14.Bd2 Qd4+ 15.Kh1 Qh4  0-1

[Event "Berliner Sommer"]
[Site "Berlin"]
[Date "1994.??.??"]
[Round "?"]
[White "Suetin, Alexey S"]
[Black "Levin, Felix"]
[Result "0-1"]
[WhiteElo "2395"]
[BlackElo "2480"]

1.e4 c5 2.Nf3 d6 3.Bb5+ Bd7 4.Bxd7+ Nxd7 5.O-O Ngf6 6.Re1 e6 7.d4 cxd4 8.Qxd4 Qc7
9.Nc3 a6 10.Bg5 Be7 11.Rad1 O-O 12.Bh4 b5 13.Bg3 e5 14.Qd3 b4 15.Na4 Rfc8
16.Re2 Qc6 17.b3 Nc5 18.Nxc5 Qxc5 19.Bh4 Rc6 20.Bxf6 Bxf6 21.Nd2 Qxc2 22.Nc4 Qxd3
23.Rxd3 Be7 24.Red2 f6 25.g3 Rd8 26.f4 exf4 27.gxf4 Kf7 28.Kf2 g6 29.Rd5 Rc5
30.Kf3 Rxd5 31.Rxd5 Ke6 32.Ra5 d5 33.Rxa6+ Kf7 34.exd5 Rxd5 35.Ra7 Rd3+ 36.Ne3 f5
37.Ke2 Rd4 38.Kf3 Rd3 39.Ke2 Rd4 40.Kf3 Ke6 41.Ra6+ Rd6 42.Ra8 Rd2 43.Ra6+ Rd6
44.Ra8 Rd3 45.Ra6+ Kf7 46.Ra7 h6 47.h4 Ke6 48.Ra6+ Rd6 49.Ra4 Rc6 50.Nc4 h5
51.Ke3 Kd5 52.Ra7 Bf6 53.a3 bxa3 54.Rxa3 Bc3 55.Kf3 Be1 56.Ne3+ Ke6 57.Ng2 Bb4
58.Ra4 Rc3+ 59.Ke2 Rxb3 60.Ra6+ Bd6 61.Kf2 Rb4  0-1

[Event "Berliner Sommer"]
[Site "Berlin"]
[Date "1994.??.??"]
[Round "?"]
[White "Zunker, D."]
[Black "Womacka, Mathias"]
[Result "0-1"]
[WhiteElo "2235"]
[BlackElo "2430"]

1.e4 c5 2.Nf3 d6 3.Bb5+ Nd7 4.d4 Nf6 5.Nc3 cxd4 6.Qxd4 e5 7.Qd3 h6 8.Be3 Be7
9.Bc4 O-O 10.h3 Nb6 11.Bb3 Be6 12.g4 Nh7 13.O-O-O Rc8 14.Kb1 Nc4 15.Bc1 a6
16.Nd5 Bxd5 17.Qxd5 b5 18.Qb7 Qc7 19.Qxc7 Rxc7 20.Nd2 Bh4 21.Nxc4 bxc4 22.Ba4 Bxf2
23.Rxd6 Nf6 24.Bc6 Bc5 25.Rxf6 gxf6 26.Bd5 c3 27.Bxh6 Rb8 28.b3 a5 29.a4 Kh7
30.Bc1 Kg6 31.h4 Bf2 32.h5+ Kg7 33.Rf1 Bh4 34.Rf5 Rg8 35.Bc4 Kh7 36.Be2 Rc6
37.Ba3 Bg5 38.Rf3 Rd8 39.Bd3 Bf4 40.Rf1 Rxd3 41.cxd3 c2+ 42.Ka2 c1=Q 43.Bxc1 Bxc1
44.b4 axb4 45.Kb3 Bd2 46.a5 Rc3+ 47.Ka4 Ra3+ 48.Kb5 b3 49.a6 b2 50.Rb1 Bc3  0-1

[Event "Berliner Sommer"]
[Site "Berlin"]
[Date "1994.??.??"]
[Round "?"]
[White "Komliakov, Viktor"]
[Black "Lerner, Konstantin Z"]
[Result "1-0"]
[WhiteElo "2455"]
[BlackElo "2570"]

1.e4 c5 2.Nf3 d6 3.Bb5+ Bd7 4.Bxd7+ Qxd7 5.c4 Nc6 6.Nc3 Nf6 7.O-O g6 8.d4 cxd4
9.Nxd4 Bg7 10.Nde2 O-O 11.f3 a6 12.a4 e6 13.Bg5 Qc7 14.Kh1 Nd7 15.Rb1 Nc5
16.b3 Rac8 17.Qc2 Rfe8 18.Be3 Qe7 19.Rfd1 Red8 20.Na2 Ne5 21.Nac3 h5 22.Qd2 Bf6
23.f4 Ng4 24.Bg1 Bg7 25.b4 Nd7 26.Qxd6 Qe8 27.h3 Nh6 28.c5 Bf8 29.Qd3 Nxc5
30.Qc2 Nd7 31.Qb3 Kh7 32.e5 h4 33.Ne4 Be7 34.Nd4 Nf5 35.Nf3 Kg7 36.Bf2 Nb8
37.b5 axb5 38.axb5 Rxd1+ 39.Rxd1 Rd8 40.Ra1 Rd5 41.Nf6 Bxf6 42.exf6+ Kg8
43.Ra8 Rd8 44.Nxh4 Nd7 45.Rxd8 Qxd8 46.Nxf5 exf5 47.Qd5 Qc7 48.Qd4 Nf8 49.Be3 Ne6
50.Qb4 Qd7 51.Qc4 Qd8 52.Qc3 Qd7 53.b6 Kh7 54.Qa3 Qd1+ 55.Kh2 Qe1 56.Bc1 Nd4
57.Qe3 Ne2 58.Ba3 Qf1 59.Bd6 g5 60.fxg5  1-0

[Event "Bern op"]
[Site "Bern"]
[Date "1994.??.??"]
[Round "2"]
[White "Flueckiger, Christian"]
[Black "Novikov, Igor A"]
[Result "0-1"]
[WhiteElo "2240"]
[BlackElo "2565"]

1.e4 c5 2.Nf3 d6 3.Bb5+ Bd7 4.Bxd7+ Nxd7 5.O-O Ngf6 6.Nc3 e6 7.d4 cxd4 8.Qxd4 a6
9.Bg5 Be7 10.Rad1 Qc7 11.Bh4 O-O 12.Bg3 e5 13.Qe3 Rfc8 14.Bh4 b5 15.a3 Qb7
16.Bxf6 Nxf6 17.Rd3 Rc6 18.Ra1 Rac8 19.Ne1 Rc4 20.b3 R4c6 21.a4 Bd8 22.axb5 axb5
23.Nd5 Nxd5 24.Rxd5 Bc7 25.Qa7 Qxa7 26.Rxa7 Bb6 27.Rd7 Bc7 28.Rxb5 Kf8 29.Kf1 Ke8
30.Rxc7 R8xc7 31.c4 Ra6 32.Nc2 Raa7 33.Ke2 Rcb7 34.Rxb7 Rxb7 35.b4 Kd7 36.Kd3 Kc6
37.Kc3 Ra7 38.Kb3 g6 39.g4 Ra8 40.h3 h5 41.Kc3 hxg4 42.hxg4 Rh8 43.Kd3 Rh2
44.f3 Rf2 45.Ne1 Rb2 46.Kc3 Rb1 47.b5+ Kb6 48.Nd3 Rf1 49.c5+ dxc5 50.Nxe5 Kxb5
51.g5 Ra1 52.Kb3 Ra7 53.f4 Re7  0-1

[Event "Biel op"]
[Site "Biel"]
[Date "1994.??.??"]
[Round "6"]
[White "Tkachiev, Vladislav"]
[Black "Timoshchenko, Gennadi A"]
[Result "1-0"]
[WhiteElo "2535"]
[BlackElo "2550"]

1.e4 c5 2.Nf3 d6 3.Bb5+ Nc6 4.c3 Nf6 5.Qe2 Bg4 6.h3 Bh5 7.d4 cxd4 8.cxd4 a6
9.Bxc6+ bxc6 10.O-O e6 11.Bg5 Be7 12.Rc1 Qb8 13.Na3 Bxf3 14.Qxf3 d5 15.e5 Ng8
16.Bd2 Qxb2 17.Nc4 Qxd4 18.Be3 Qe4 19.Qxe4 dxe4 20.Nb6 Rd8 21.Rxc6 Nh6 22.Nc8 Nf5
23.Bb6 Rd7 24.Re1 O-O 25.Rxe4 Re8 26.Ra4 Bf8 27.Rxa6 h5 28.a4 h4 29.a5 Rd5
30.Ra8 Rxe5 31.Rc1 Kh7 32.a6 Ba3 33.Ra1 Bc5 34.a7 Nd6 35.Rb8 Nxc8 36.Bxc5 Nxa7
37.Rxe8 Rxc5 38.Rxa7  1-0

[Event "Biel"]
[Site "Biel"]
[Date "1994.??.??"]
[Round "10"]
[White "Landenbergue, Claude"]
[Black "Gavrikov, Viktor"]
[Result "0-1"]
[WhiteElo "2450"]
[BlackElo "2600"]

1.e4 c5 2.Nf3 d6 3.Bb5+ Bd7 4.Bxd7+ Nxd7 5.O-O Ngf6 6.Re1 e6 7.c4 a6 8.Nc3 Be7
9.b3 O-O 10.Bb2 Qa5 11.d4 cxd4 12.Nxd4 Rac8 13.Rc1 Rfd8 14.Qe2 Bf8 15.Red1 g6
16.Rc2 Re8 17.Qd2 Qc5 18.Qd3 Red8 19.Qe2 Bg7 20.Nf3 Qc7 21.Rcd2 Ne8 22.Rc2 Qa5
23.Nb1 Bf8 24.Bc3 Qh5 25.Qe1 Rb8 26.Bb4 Nc5 27.Re2 b5 28.cxb5 axb5 29.h3 Na6
30.Bd2 h6 31.Be3 b4 32.Nbd2 Nc5 33.Bxc5 Qxc5 34.Nc4 Nf6 35.Rc2 Qa7 36.Rdc1 Rdc8
37.Nxd6 Rxc2 38.Rxc2 Bxd6 39.e5 Be7 40.exf6 Bxf6 41.Qe4 Bc3 42.Ne5 Rd8 43.Qe2 Rd5
44.Ng4 Kg7 45.Qf3 Qd4 46.Ne3 Rd7 47.Qg4 Qa7 48.Qc4 Rd4 49.Qb5 Qc7 50.Rc1 Qf4
51.Rc2 Qd6 52.Qe2 Rd3 53.Qf1 f5 54.Rc1 f4 55.Rd1 Rxd1 56.Nxd1 Qd2 57.Kh2 Bd4
58.Qc4 Kf6 59.Qc8 Qxd1 60.Qf8+ Ke5 61.Qxb4 Bxf2  0-1

[Event "Biel op"]
[Site "Biel"]
[Date "1994.??.??"]
[Round "10"]
[White "Tkachiev, Vladislav"]
[Black "De Firmian, Nick E"]
[Result "1/2-1/2"]
[WhiteElo "2535"]
[BlackElo "2565"]

1.e4 c5 2.Nf3 d6 3.Bb5+ Bd7 4.Bxd7+ Nxd7 5.O-O Ngf6 6.Qe2 e6 7.d4 cxd4 8.Nxd4 Be7
9.c4 a6 10.Nc3 Rc8 11.Nc2 O-O 12.Bd2 Qc7 13.b3 Rfe8 14.Rac1 d5 15.cxd5  1/2-1/2

[Event "GER-ch"]
[Site "Binz"]
[Date "1994.??.??"]
[Round "1"]
[White "Menacher, Manfred"]
[Black "Schlosser, Philipp"]
[Result "0-1"]
[WhiteElo "2320"]
[BlackElo "2510"]

1.e4 c5 2.Nf3 d6 3.Bb5+ Nc6 4.O-O Bd7 5.Re1 Nf6 6.h3 e6 7.c3 Ne5 8.Bxd7+ Qxd7
9.d4 Nxf3+ 10.Qxf3 cxd4 11.cxd4 d5 12.e5 Ne4 13.Qb3 Rc8 14.Bf4 Be7 15.f3 Bh4
16.Rd1 Ng3 17.Bxg3 Bxg3 18.Qa3 f6 19.exf6 gxf6 20.Nc3 Bb8 21.Qa4 Rc6 22.Rf1 a6
23.f4 Ba7 24.Rae1 O-O 25.Kh1 f5 26.Re5 Kh8 27.Rfe1 Rg8 28.Ne2 Qg7 29.Rg1 Rc4
30.Qd1 Qf6 31.Qd2 Rgc8 32.Re1 Bb8 33.Re3 Bd6 34.Qd3 R8c6 35.Nc3 Bxf4 36.Nxd5 exd5
37.Re8+ Kg7 38.R8e7+ Kh6 39.Qf3 Qxe7  0-1

[Event "Slovan op"]
[Site "Bratislava"]
[Date "1994.??.??"]
[Round "?"]
[White "Petrik, Stanislav"]
[Black "Boric, Muhamed"]
[Result "0-1"]
[WhiteElo "2240"]
[BlackElo "2290"]

1.e4 c5 2.Nf3 d6 3.Bb5+ Bd7 4.Bxd7+ Qxd7 5.O-O Nc6 6.c3 d5 7.exd5 Qxd5 8.d4 e6
9.Be3 cxd4 10.Nxd4 Nxd4 11.Bxd4 Ne7 12.Qa4+ Qc6 13.Qb3 Nf5 14.Nd2 Nxd4 15.cxd4 Be7
16.Rfe1 Rd8 17.Rac1 Qd7 18.Nf3 O-O 19.Rc2 Bf6 20.Rec1 Rc8 21.h3 Rxc2 22.Qxc2 Rd8
23.Qc7 h6 24.b3 a6 25.g3 Qd5 26.Qf4 Qa5 27.Rc2 Bxd4 28.Nxd4 e5 29.Qf5 Qe1+
30.Kg2 exd4 31.Rc7 Qe8 32.Qd3 Qe5 33.Rc2 Qd5+ 34.Qf3 Qd7 35.Qd3 g6 36.h4 h5
37.Rd2 Kg7 38.Rc2 b5 39.Rc1 Qe6 40.Rd1 Qc6+ 41.Qf3 Qc2 42.Rd3 Qxa2 43.Qf4 Qc2
44.Rf3 Qf5 45.Qxf5 gxf5 46.Kf1 Kf6 47.Ke2 Rc8 48.b4 Rc2+ 49.Kd1 Rb2 50.Ra3 Rxb4
51.Rxa6+ Ke5 52.Rb6 Ke4 53.Ke1 Rb2  0-1

[Event "Brno-C"]
[Site "Brno"]
[Date "1994.??.??"]
[Round "1"]
[White "Roederer, Kai"]
[Black "Bagaturov, Giorgi"]
[Result "0-1"]
[WhiteElo "2215"]
[BlackElo "2500"]

1.e4 c5 2.Nf3 d6 3.Bb5+ Nc6 4.O-O Bd7 5.Re1 a6 6.Bf1 Nf6 7.h3 e5 8.c3 Qb6
9.Na3 Be7 10.d3 O-O 11.Nc4 Qc7 12.Ne3 Rfe8 13.g3 Bf8 14.Bg2 g6 15.Kh2 Bg7
16.Ng1 Be6 17.Ne2 Qd7 18.c4 Nd4 19.Nxd4 cxd4 20.Nd5 Bxd5 21.exd5 h5 22.Bf3 Nh7
23.g4 hxg4 24.hxg4 f5 25.Kg2 Nf6 26.gxf5 gxf5 27.Bh5 Rf8 28.Rh1 Ng4 29.Bxg4 fxg4
30.Qe2 Rf5 31.Bd2 Raf8 32.Be1 Rf4 33.Rc1 Qf5 34.Rc2 Qg6 35.Rd2 e4 36.dxe4 Rxe4
37.Qd3 Rf3 38.Qc2 d3 39.Qc1 Ref4 40.b3 Qe4  0-1

[Event "Brno-C"]
[Site "Brno"]
[Date "1994.??.??"]
[Round "1"]
[White "Berezjuk, Sergej"]
[Black "Kargoll, Boris"]
[Result "1/2-1/2"]
[WhiteElo "2375"]
[BlackElo "2280"]

1.e4 c5 2.Nf3 d6 3.Bb5+ Bd7 4.Bxd7+ Nxd7 5.c4 Ne5 6.Nxe5 dxe5 7.Nc3 Nf6 8.d3 e6
9.O-O Be7 10.Qe2 O-O 11.f4 Nd7 12.f5 Bg5 13.Rf3 Bxc1 14.Rxc1 Nf6 15.Kh1 exf5
16.Rxf5 Nd7 17.Rcf1 f6 18.Qf2 Rc8 19.Nd5 Nb6 20.b3 Nxd5 21.exd5 b5 22.Rf3 bxc4
23.dxc4 a5 24.Qc2 Qd6 25.g4 Ra8 26.Rh3 g6 27.Rhf3 Kg7 28.h4 Qd7 29.Qe4 Rae8
30.Kh2 a4 31.bxa4 Qxa4 32.R1f2 Qd1 33.Rd3 Qc1 34.d6 Rb8 35.d7 Rb1 36.Qf3 e4
37.Qxe4 Qg1+ 38.Kh3 Qxf2 39.d8=Q Rxd8 40.Rxd8 Qf1+ 41.Kg3 Qg1+ 42.Kh3 Qf1+  1/2-1/2

[Event "Brno-C"]
[Site "Brno"]
[Date "1994.??.??"]
[Round "4"]
[White "Berezjuk, Sergej"]
[Black "Stocek, Jiri"]
[Result "1/2-1/2"]
[WhiteElo "2375"]
[BlackElo "2350"]

1.e4 c5 2.Nf3 d6 3.Bb5+ Nd7 4.O-O g6 5.Bxd7+ Bxd7 6.d4 cxd4 7.Qxd4 e5 8.Qd3 h6
9.c4 Nf6 10.Nc3 Be7 11.a4 O-O 12.b3 b5 13.a5 b4 14.Ne2 Bc6 15.Nd2 Nd7 16.Ng3 Nc5
17.Qc2 Bh4 18.Re1  1/2-1/2

[Event "Brno-A"]
[Site "Brno"]
[Date "1994.??.??"]
[Round "6"]
[White "Hracek, Zbynek"]
[Black "Stohl, Igor"]
[Result "1/2-1/2"]
[WhiteElo "2530"]
[BlackElo "2560"]

1.e4 c5 2.Nf3 d6 3.Bb5+ Bd7 4.Bxd7+ Qxd7 5.c4 Nc6 6.O-O Ne5 7.d3 e6 8.Bf4 Nxf3+
9.Qxf3 Ne7 10.Nc3 Nc6 11.Qg3 h6 12.h4  1/2-1/2

[Event "Brno-C"]
[Site "Brno"]
[Date "1994.??.??"]
[Round "8"]
[White "Berezjuk, Sergej"]
[Black "Kalod, Radek"]
[Result "1-0"]
[WhiteElo "2375"]
[BlackElo "2235"]

1.e4 c5 2.Nf3 d6 3.Bb5+ Bd7 4.Bxd7+ Qxd7 5.c4 Nc6 6.Nc3 Nf6 7.O-O g6 8.d4 cxd4
9.Nxd4 Bg7 10.Nde2 O-O 11.f3 e6 12.Bg5 Rac8 13.Qd2 Rfd8 14.Rad1 a6 15.b3 b6
16.Kh1 Qb7 17.Qf4 Ne8 18.Bxd8 Rxd8 19.a4 Qc7 20.Qd2 Na5 21.Rb1 Qc5 22.Nd1 Nc6
23.Ne3 Nb4 24.Rbd1 Nf6 25.Nc2 Nxc2 26.Qxc2 Nd7 27.f4 Nb8 28.Qd2 Nc6 29.Rf3 Nb4
30.Nc1 a5 31.Nd3 Qd4 32.Nxb4 Qxd2 33.Rxd2 axb4 34.Rfd3 Bf8 35.e5 Rd7 36.exd6 f6
37.a5 e5 38.axb6 e4 39.Rd5 e3 40.Re2 Bxd6 41.c5 Bxc5 42.Rxd7  1-0